000 02257nam2a22003011 4500
001 v19\rc\1260085
005 20260406002329.0
035 _a(NLR Aleph) 005198824
090 _a5288662
_c5288662
100 _a20060306d1892 |||y0rusy50 ca
101 0 _arus
102 _aRU
105 _aa z |||||
200 1 _aЧтение Положения 19 февраля
210 _d1892
_aБ. м.
215 _a13 л. ил.
423 0 _11010#$arus
_12001#$a2. Раздел
_1700#1$3RU\NLR\AUTH\7753127$7ca$aМаксимов$bВ. М.$cхудожник$f1844-1911$gВасилий Максимович$4040
_t2. Раздел
_aМаксимов, Василий Максимович (художник ; 1844-1911)
423 0 _11010#$arus
_12001#$a3. Приезд гувернантки
_1700#1$aПеров$bВ. Г.$f1834-1882$gВасилий Григорьевич$4040
_t3. Приезд гувернантки
_aПеров, Василий Григорьевич (1834-1882)
423 0 _11010#$arus
_12001#$a4. Неравный брак
_1700#1$aПукирев$bВ. В.$f1832-1890$gВасилий Владимирович$4040
_t4. Неравный брак
_aПукирев, Василий Владимирович (1832-1890)
423 0 _11010#$arus
_12001#$a5. Проводы новобранца
_1700#1$3RU\NLR\AUTH\7717044$7ca$aРепин$bИ. Е.$f1844-1930$gИлья Ефимович$4040
_t5. Проводы новобранца
_aРепин, Илья Ефимович (1844-1930)
461 0 _1001v19\rc\1260084
_12001#$aРусские картины$eСнимки с некоторых из лучших произведений русской живописи. Серия 1-$vСерия 1.1
_94053308
_cМосква
_d1892
_n"Посредник"
_oСнимки с некоторых из лучших произведений русской живописи. Серия 1-
_tРусские картины
_vСерия 1.1
700 1 _4040
_7ca
_8rus
_aМясоедов
_bГ. Г.
_cхудожник
_f1834-1911
_gГригорий Григорьевич
_994793
_3RU\NLR\AUTH\77111868
801 0 _aRU
_bNLR
_c20060306
_gpsbo
801 1 _aRU
_bProSoft-M
_c20060306
_2rusmarc
801 2 _aRU
_bNLR
_c20080317
_2rusmarc
852 _aNLR
_j18.23.1.61
942 _cBOOK
980 _aNB